000 00394nam a2200133Ia 4500
005 20260328104344.0
008 260328s9999||||xx |||||||||||||| ||und||
100 _aArellano, Jorge Eduardo
245 0 _aConservación Urbana y edilicia en NicarAgua ( 1989-1995) /
_cJorge Eduardo Arellano
260 _bInstituto Nicaraguense de Cultura
300 _a97 p.
650 _aNICARAGUA
942 _cBK
999 _c12232
_d12232